Missing Word: Fruity Song Titles Quiz Stats

 Plays Quiz Updated Jun 22, 2018

Challenge
Share
Tweet
Embed
Score 0/14 Timer 02:00
1 Play Today
Song Fruit % Correct
_______ Fields ForeverStrawberry
96%
Key _______ PieLime
95.4%
_______ Boat SongBanana
90.4%
_______ HillBlueberry
83.6%
_______ & CreamPeaches
80.9%
Life Is Just a Bowl of _______Cherries
79.7%
Sour _______Grapes
76.2%
Song Fruit % Correct
_______ TreeLemon
72.5%
_______ BeretRaspberry
70.9%
Little Green _______Apples
70.4%
_______ Blossom SpecialOrange
67.6%
I've Got a Lovely Bunch of _______Coconuts
61.1%
Apple, Peaches, _______ PiePumpkin
46.1%
_______ ManWatermelon
23.4%

Today's Daily Dose

Word Ladder
Aquatic Life

On This Day
August 21st II

You're not logged in!

Compare scores with friends on all Sporcle quizzes.
Join for Free
OR
Log In

You Might Also Like...

Show Comments

Extras

Top Quizzes Today


Score Distribution

Your Account Isn't Verified!

In order to create a playlist on Sporcle, you need to verify the email address you used during registration. Go to your Sporcle Settings to finish the process.

Report this User

Report this user for behavior that violates our Community Guidelines.

Details: